Περί τών εν τώ σχολείω ψυχολογικών παρατηρήσεων ; ; Τεχνολογία της διά ψυχολογικών κριτηρίων εξετάσεως ; ; Πότε λήγει η ανάπτυξις της νοημοσύνης
Αποθηκεύτηκε σε:
| Κύριος συγγραφέας: | |
|---|---|
| Μορφή: | Βιβλίο |
| Γλώσσα: | Greek |
| Δημοσίευση: |
Εν Αθήναις :
[χ.ό.],
1952
|
| Θέματα: | |
| Ετικέτες: |
Προσθήκη ετικέτας
Δεν υπάρχουν, Καταχωρήστε ετικέτα πρώτοι!
|
MARC
| LEADER | 00000cam a2200000 i 4500 | ||
|---|---|---|---|
| 001 | 1/89658 | ||
| 008 | 080625s1952 gre d | ||
| 035 | |l 10098426 | ||
| 040 | |a GR-MY-UA |b gre |e aacr | ||
| 041 | 0 | |a gre | |
| 082 | 0 | |a 370.15 |2 (22) | |
| 100 | 1 | |a Καλλιάφας, Σπυρίδων Μ., |d 1885-1964. | |
| 245 | 1 | 0 | |a Περί τών εν τώ σχολείω ψυχολογικών παρατηρήσεων ; ; Τεχνολογία της διά ψυχολογικών κριτηρίων εξετάσεως ; ; Πότε λήγει η ανάπτυξις της νοημοσύνης / |c Σπ. Μ. Καλλιάφα |
| 260 | |a Εν Αθήναις : |b [χ.ό.], |c 1952 | ||
| 300 | |a 23 σ.; |c 24 εκ. | ||
| 504 | |a Περιλαμβάνει βιβλιογραφίες | ||
| 650 | 0 | 0 | |a Children |x Psychology. |
| 650 | 0 | 0 | |a Children |x Intelligence levels. |
| 650 | 0 | 0 | |a School psychology. |
| 650 | 0 | 0 | |a Educational psychology. |
| 740 | 0 | 2 | |a Τεχνολογία της διά ψυχολογικών κριτηρίων εξετάσεως |
| 740 | 0 | 2 | |a Πότε λήγει η ανάπτυξις της νοημοσύνης |
| 852 | |a INST |b RHODES |c AKA |e 20080625 |h 370.15 ΚΑΛ |p 005400028015 |q 005400028015 |t BK |y 0 | ||
| 901 | |a BIBL4-2008-2 | ||
| 909 | |a Ρ |b 150656 | ||
| 970 | |a ΧΑΡΙΟΠΟΛΙΤΟΥ |b ΚΩΝΣΤΑΝΤΙΝΑ |z 2008/06/25 | ||